Realidad y experiencia de la novela /
Saved in:
| Hovedforfatter: | |
|---|---|
| Format: | Bog |
| Sprog: | Spanish |
| Udgivet: |
Madrid :
Cupsa,
c1978.
|
| Udgivelse: | 1. ed. |
| Serier: | Colección goliárdica ; 16
Colecciones universitarias |
| Fag: |
| LEADER | 01053nam a2200313 a 4500 | ||
|---|---|---|---|
| 001 | c000191761 | ||
| 003 | CARM | ||
| 005 | 20030916153436.0 | ||
| 008 | 781103s1978 sp b 001 0 spa | ||
| 015 | |a Sp*** | ||
| 019 | 1 | |a 1317585 |5 LACONCORD2021 | |
| 020 | |a 8439000561 | ||
| 035 | |a (OCoLC)4388993 |5 LACONCORD2021 | ||
| 043 | |a e-sp--- | ||
| 050 | 0 | 0 | |a PN3353 |b .H5 |
| 082 | 0 | 4 | |a 863/.03 |
| 100 | 1 | |a Hickey, Leo. | |
| 245 | 1 | 0 | |a Realidad y experiencia de la novela / |c Leo Hickey. |
| 250 | |a 1. ed. | ||
| 260 | |a Madrid : |b Cupsa, |c c1978. | ||
| 300 | |a 267 p. ; |c 17 cm. | ||
| 490 | 0 | |a Colección goliárdica ; 16 | |
| 490 | 0 | |a Colecciones universitarias | |
| 504 | |a Includes bibliographical references and index. | ||
| 650 | 0 | |a Fiction. | |
| 650 | 0 | |a Spanish fiction |y 20th century |x History and criticism. | |
| 852 | 8 | |b CARM |h A2:AD24H0 |i A03015 |p 0285904 |f BK | |
| 999 | f | f | |i 2ef27118-febc-511e-9c0e-6f039f095dff |s fbe93555-c075-575b-9fd2-204db8b4f085 |
| 952 | f | f | |p Can circulate |a CAVAL |b CAVAL |c CAVAL |d CARM 1 Store |e A03015 |f A2:AD24H0 |h Other scheme |i book |m 0285904 |